| 000 | 03843nam a22005297a 4500 | ||
|---|---|---|---|
| 008 | 080909t xxu||||| |||| 00| 0 eng d | ||
| 010 | _aENG-90999-91008 | ||
| 020 |
_a8182930553 (set) _c9000.00 (set of 9 vols.) |
||
| 020 | _a8182930561(v.1) | ||
| 020 | _a818293057X(v.2) | ||
| 020 | _a8182930588(v.3) | ||
| 020 | _a8182930596(v.4) | ||
| 020 | _a818293060X(v.5) | ||
| 020 | _a8182930618(v.6) | ||
| 020 | _a8182930626v.7) | ||
| 020 | _a8182930634(v.8) | ||
| 020 | _a8182930642(v.9) | ||
| 020 | _a8182930650(v.10) | ||
| 035 | _aEN-74532-41 | ||
| 037 | _bDBAD / PUB | ||
| 040 |
_adpl _bEnglihs |
||
| 082 | _a639.2 | ||
| 100 | _aSaravanan, M.R. | ||
| 245 |
_aInternational encyclopaedia of fishery science and technology / _cby M.R. Saravanan [and] K.L. Santhanam |
||
| 260 |
_aNew Delhi _bInternational Scientific Publishing Academy _c2008 |
||
| 270 |
_a4594/9,Ansari Road, Darya Ganj, _bNew Delhi _e110002 |
||
| 300 |
_av, 288p.: _c23cm (Hb) _bill. |
||
| 500 | _aIncludes bibliographical references and index | ||
| 500 | _aIt is a set of 10 vols. Set price is Rs.9000.00 and Rs.900.00 of each volume. | ||
| 505 | _av.1- Fish genetics and biotechnology. v.2- Fish nutrition and biochemistry. v.3- Fishery conservation management. v.4-Fishery science and technology. v.5- Industrial fisheries. v.6- Inland and freshwater aquaculture. v.7- Marine fisheries. | ||
| 505 | _a v.8- Natural fisheries. v.9- Production, marketing and economics of fisheries. v.10- Reservoir fishery management practices. | ||
| 650 | _aFishery science | ||
| 650 | _aFishery technology | ||
| 650 | _aFishery management | ||
| 700 | _aSanthanam, K.L. | ||
| 942 |
_2ddc _cEN _mSAR _h639.2 |
||
| 999 |
_c15470 _d15470 |
||